00329 a2200145 450000100060000002000150000604000240002110000300004524000310007524500260010630000060013236200090013844000120014765000240015945023 a8508017561 cAnchieta - Aquarius aPenteado, Maria Heloísa10aLúcia já-vou-indolpor10aLúcia já-vou-indo a 0 a2004 1aÁtica 4aLiteratura infantil